| 000 | 00655nam a22002297i 4500 | ||
|---|---|---|---|
| 003 | URS | ||
| 005 | 20220114153234.0 | ||
| 008 | 170824b xxu||||| |||| 00| 0 eng d | ||
| 020 | _a9712328449 | ||
| 040 |
_erda _cURSP-College Library _beng |
||
| 050 | _b411 B23 2000 | ||
| 100 | 1 | _aBaraceros, Esther L. | |
| 245 |
_aBusiness Correspondence _cEsther L. Baraceros |
||
| 264 | 1 |
_aManila _bRex Book Store _c2000. |
|
| 300 |
_avii, 170pages _c22cm. |
||
| 336 |
_atext _btxt _2rdacontent |
||
| 337 |
_aunmediated _bn _2rdamedia |
||
| 338 |
_avolume _bnc _2rdacarrier |
||
| 500 | _aIncludes bibliography | ||
| 650 | 0 | _abusiness-correspondence. | |
| 942 |
_2lcc _cF |
||
| 999 |
_c8328 _d8328 |
||